Towards green growth in Southeast Asia : (Record no. 17557)

000 -LEADER
fixed length control field 00277cam a22001095i 4500
020 ## - INTERNATIONAL STANDARD BOOK NUMBER
ISBN 9789264224070
040 ## - CATALOGING SOURCE
Transcribing agency DLC
082 ## - DEWEY DECIMAL CLASSIFICATION NUMBER
Classification number 338 OEDC 2014 A117 Or.
245 00 - TITLE STATEMENT
Title Towards green growth in Southeast Asia :
Remainder of title OECD green growth studies.
300 ## - PHYSICAL DESCRIPTION
Number of Pages 185 pages
942 ## - ADDED ENTRY ELEMENTS (KOHA)
Koha item type ADB
952 ## - LOCATION AND ITEM INFORMATION (KOHA)
Withdrawn status [LOCAL, KOHA] 0
Holdings
Permanent Location Date acquired Koha item type Lost status Shelving location Barcode Current Location Full call number
Library Block A2018-12-12សៀវភៅភាសាអង់គ្លេស A117A40522Library Block A338 OEDC 2014 A117 Or.
មជ្ឈមណ្ឌលឯការនៃសាកលវិទ្យាល័យភូមិន្ទកសិកម្មចំការដូង

Powered by Koha